[Event "75. Campeonato Brasileiro 2008 - Final"]
[Site "Porto Alegre BRA"]
[Date "2008.12.07"]
[Round "1.1"]
[White "Oliveira, Silvio Eduardo"]
[Black "Barreto Filho, Carlos Alberto"]
[Result "1/2-1/2"]
[WhiteElo "2345"]
[BlackElo "2300"]
[PlyCount "61"]
[EventDate "2008.12.07"]
[EventType "team-tourn"]
[EventRounds "11"]
[EventCountry "BRA"]
[EventCategory "9"]
[Source "lmi"]
[SourceDate "2008.12.07"]

1. d4 Nf6 2. c4 g6 3. Nc3 Bg7 4. e4 d6 5. Nf3 O-O 6. Be2 Bg4 7. Be3 Nfd7 8. O-O
c5 9. d5 Na6 10. h3 Bxf3 11. Bxf3 Nc7 12. Be2 Rb8 13. Qd2 Re8 14. f4 Nf8 15.
Kh1 e6 16. e5 exd5 17. cxd5 dxe5 18. d6 Nce6 19. Bc4 Qh4 20. Qd5 Nd7 21. Bb5
Red8 22. Bxd7 Rxd7 23. f5 Nf4 24. Bxf4 exf4 25. Ne4 Re8 26. Nxc5 Re5 27. Qc4
Rxd6 28. Rxf4 Re1+ 29. Rxe1 Qxe1+ 30. Rf1 Qe7 31. fxg6 1/2-1/2

[Event "75. Campeonato Brasileiro 2008 - Final"]
[Site "Porto Alegre BRA"]
[Date "2008.12.07"]
[Round "1.2"]
[White "Bittencourt, Jorge"]
[Black "Gattas, Allan"]
[Result "1-0"]
[WhiteElo "2455"]
[BlackElo "2223"]
[PlyCount "103"]
[EventDate "2008.12.07"]
[EventType "team-tourn"]
[EventRounds "11"]
[EventCountry "BRA"]
[EventCategory "9"]
[Source "lmi"]
[SourceDate "2008.12.07"]

1. e4 c5 2. Nf3 e6 3. d4 cxd4 4. Nxd4 Nc6 5. Nc3 a6 6. Nxc6 bxc6 7. Bd3 d5 8.
O-O Bd6 9. f4 Ne7 10. e5 Bc5+ 11. Kh1 O-O 12. b3 Qc7 13. Na4 Ba7 14. c4 c5 15.
Qc2 g6 16. Be3 d4 17. Bd2 Bd7 18. Nb2 Bc6 19. Be4 Rad8 20. Rae1 Bb6 21. Bxc6
Qxc6 22. Qe4 Qxe4 23. Rxe4 Rd7 24. Nd3 Rc8 25. Kg1 h5 26. Kf2 Nf5 27. Rb1 Bd8
28. Ree1 Kg7 29. Rec1 a5 30. g3 Ra7 31. a3 Rb7 32. Rb2 Kf8 33. Kf3 Ke8 34. h3
Ra7 35. g4 Ng7 36. Ke4 f5+ 37. exf6 Bxf6 38. Rcb1 a4 39. b4 cxb4 40. Rxb4 Be7
41. Rb8 Rac7 42. c5 hxg4 43. hxg4 Kf7 44. Rxc8 Rxc8 45. Rb7 Kf8 46. Bb4 Ne8 47.
Ne5 Nf6+ 48. Kxd4 Nd5 49. Nxg6+ Ke8 50. Nxe7 Nxe7 51. Ke5 Ng6+ 52. Ke4 1-0

[Event "75. Campeonato Brasileiro 2008 - Final"]
[Site "Porto Alegre BRA"]
[Date "2008.12.07"]
[Round "1.3"]
[White "Leitao, Rafael"]
[Black "Di Berardino, Diego Rafael"]
[Result "1-0"]
[WhiteElo "2590"]
[BlackElo "2503"]
[PlyCount "75"]
[EventDate "2008.12.07"]
[EventType "team-tourn"]
[EventRounds "11"]
[EventCountry "BRA"]
[EventCategory "9"]
[Source "lmi"]
[SourceDate "2008.12.07"]

1. d4 d5 2. c4 c6 3. Nf3 Nf6 4. e3 Bg4 5. h3 Bxf3 6. Qxf3 g6 7. Nc3 Bg7 8. Bd3
O-O 9. O-O e6 10. Rd1 Nbd7 11. Qe2 Re8 12. Qc2 a6 13. b4 Qe7 14. Qb3 Bf8 15.
Rb1 b5 16. cxb5 axb5 17. a4 bxa4 18. Nxa4 Reb8 19. Bd2 Nb6 20. Nc5 Ne8 21. e4
dxe4 22. Bxe4 Nd5 23. Bxd5 exd5 24. Bf4 Rb5 25. Ra1 Rxa1 26. Rxa1 Bg7 27. Qe3
Qd8 28. Ra7 Bf8 29. Nd7 Ng7 30. Bg5 Qc8 31. Nf6+ Kh8 32. Bh4 Nf5 33. Rxf7 Rb7
34. Rxb7 Qxb7 35. Qe6 Qg7 36. Ne8 Qh6 37. Bf6+ Ng7 38. Qe5 1-0

[Event "75. Campeonato Brasileiro 2008 - Final"]
[Site "Porto Alegre BRA"]
[Date "2008.12.08"]
[Round "2.6"]
[White "Oliveira, Silvio Eduardo"]
[Black "Bittencourt, Jorge"]
[Result "1/2-1/2"]
[WhiteElo "2345"]
[BlackElo "2455"]
[PlyCount "68"]
[EventDate "2008.12.07"]
[EventType "team-tourn"]
[EventRounds "11"]
[EventCountry "BRA"]
[EventCategory "9"]
[Source "lmi"]
[SourceDate "2008.12.07"]

1. e4 c5 2. Nf3 d6 3. d4 cxd4 4. Nxd4 Nf6 5. Nc3 a6 6. Bg5 e6 7. f4 Qc7 8. Bxf6
gxf6 9. Qd2 Nc6 10. O-O-O Bd7 11. Kb1 Nxd4 12. Qxd4 Be7 13. Be2 h5 14. Rd3 Qc5
15. Qxc5 dxc5 16. Rh3 h4 17. g3 Bc6 18. Rxh4 Rxh4 19. gxh4 f5 20. Rf1 fxe4 21.
f5 Bxh4 22. fxe6 fxe6 23. Rf4 Be7 24. Nxe4 Kd7 25. Bg4 Rh8 26. h3 Rh6 27. Nd2
Bg5 28. Rf2 Ke7 29. Re2 Rf6 30. c3 Bxd2 31. Rxd2 Be4+ 32. Kc1 Rf1+ 33. Rd1 Rf2
34. Rd2 Rf1+ 1/2-1/2

[Event "75. Campeonato Brasileiro 2008 - Final"]
[Site "Porto Alegre BRA"]
[Date "2008.12.09"]
[Round "3.2"]
[White "Leitao, Rafael"]
[Black "Oliveira, Silvio Eduardo"]
[Result "1-0"]
[WhiteElo "2590"]
[BlackElo "2345"]
[PlyCount "73"]
[EventDate "2008.12.07"]
[EventType "team-tourn"]
[EventRounds "11"]
[EventCountry "BRA"]
[EventCategory "9"]
[Source "lmi"]
[SourceDate "2008.12.07"]

1. d4 Nf6 2. c4 g6 3. Nf3 Bg7 4. g3 O-O 5. Bg2 d6 6. Nc3 Nc6 7. O-O a6 8. h3
Bd7 9. e4 e5 10. dxe5 Nxe5 11. Nxe5 dxe5 12. Be3 Be6 13. Nd5 Nd7 14. Qb3 Qb8
15. f4 exf4 16. gxf4 Qd8 17. Qxb7 Rb8 18. Qxc7 Qxc7 19. Nxc7 Bxc4 20. Rfd1 Bxb2
21. Rab1 Nf6 22. e5 Nh5 23. Bd5 Bxd5 24. Nxd5 Ba3 25. Kf2 Rfc8 26. Kf3 Kg7 27.
Rxb8 Rxb8 28. Nc7 Rb2 29. e6 Rh2 30. Rd7 Rxh3+ 31. Kf2 Rh2+ 32. Ke1 Ng3 33.
Rxf7+ Kg8 34. Nd5 Re2+ 35. Kd1 Bb2 36. Rb7 h5 37. Rb8+ 1-0

[Event "75. Campeonato Brasileiro 2008 - Final"]
[Site "Porto Alegre BRA"]
[Date "2008.12.09"]
[Round "3.3"]
[White "Milos, Gilberto"]
[Black "Gattas, Allan"]
[Result "1-0"]
[WhiteElo "2593"]
[BlackElo "2223"]
[PlyCount "43"]
[EventDate "2008.12.07"]
[EventType "team-tourn"]
[EventRounds "11"]
[EventCountry "BRA"]
[EventCategory "9"]
[Source "lmi"]
[SourceDate "2008.12.07"]

1. e4 c5 2. Nf3 d6 3. d4 cxd4 4. Nxd4 Nf6 5. Nc3 a6 6. Be2 e6 7. O-O Be7 8. f4
Nc6 9. Be3 Qc7 10. Kh1 Bd7 11. a4 h5 12. Nb3 Rc8 13. a5 Nb4 14. Bf3 Ng4 15. Bb6
Qb8 16. Bxg4 hxg4 17. Qd4 Nxc2 18. Qxg7 Rf8 19. Rad1 Bd8 20. e5 Bxb6 21. Ne4
Rc6 22. axb6 1-0

[Event "75. Campeonato Brasileiro 2008 - Final"]
[Site "Porto Alegre BRA"]
[Date "2008.12.09"]
[Round "4.1"]
[White "Barreto Filho, Carlos Alberto"]
[Black "Lima, Darcy"]
[Result "0-1"]
[WhiteElo "2300"]
[BlackElo "2488"]
[PlyCount "60"]
[EventDate "2008.12.07"]
[EventType "team-tourn"]
[EventRounds "11"]
[EventCountry "BRA"]
[EventCategory "9"]
[Source "lmi"]
[SourceDate "2008.12.07"]

1. e4 e5 2. Nf3 Nc6 3. Bb5 Nge7 4. O-O Ng6 5. c3 d6 6. d4 Bd7 7. Nbd2 a6 8. Ba4
Be7 9. Re1 O-O 10. d5 Nb8 11. Bxd7 Nxd7 12. Nc4 f5 13. exf5 Rxf5 14. Nfd2 Bg5
15. Ne4 Bxc1 16. Rxc1 Qh4 17. Ng3 Rxf2 18. Kxf2 Qxh2 19. Re3 Qh4 20. Nd2 Nf6
21. Nde4 Nxe4+ 22. Rxe4 Rf8+ 23. Kg1 Qxg3 24. Qe1 Qg5 25. Rc2 Nf4 26. Qe3 h5
27. Rf2 h4 28. Kf1 Rf6 29. c4 Qg4 30. Qf3 Qg6 0-1

[Event "75. Campeonato Brasileiro 2008 - Final"]
[Site "Porto Alegre BRA"]
[Date "2008.12.09"]
[Round "4.4"]
[White "Gattas, Allan"]
[Black "Vescovi, Giovanni"]
[Result "1-0"]
[WhiteElo "2223"]
[BlackElo "2635"]
[PlyCount "129"]
[EventDate "2008.12.07"]
[EventType "team-tourn"]
[EventRounds "11"]
[EventCountry "BRA"]
[EventCategory "9"]
[Source "lmi"]
[SourceDate "2008.12.07"]

1. e4 c5 2. Nf3 e6 3. d4 cxd4 4. Nxd4 a6 5. Bd3 Bc5 6. Nb3 Be7 7. c4 d6 8. O-O
Nf6 9. Nc3 O-O 10. f4 Nc6 11. Rf3 Re8 12. Rh3 g6 13. g4 Nd7 14. g5 Nf8 15. Rg3
Nb4 16. Bb1 b5 17. cxb5 axb5 18. f5 d5 19. a3 Bd6 20. axb4 Rxa1 21. Nxa1 Bxg3
22. hxg3 Qb6+ 23. Kg2 d4 24. Ne2 Rd8 25. f6 e5 26. Bd3 Qe6 27. Ng1 Bb7 28. Nb3
Nd7 29. Nh3 Qd6 30. Bd2 Nb6 31. Nf2 Nc4 32. Na5 Ba6 33. Bxc4 bxc4 34. b5 Qb6
35. Nc6 Bxb5 36. Nxd8 Qxd8 37. Qh1 h5 38. Qa1 Bc6 39. Qa5 Qe8 40. Qc7 Qe6 41.
Qe7 Qxe7 42. fxe7 Kg7 43. Kf3 f5 44. gxf6+ Kxf6 45. Bb4 Bd7 46. Bd6 Ke6 47. Bc7
Bb5 48. Ke2 c3+ 49. Kd1 cxb2 50. Kc2 g5 51. Kxb2 h4 52. g4 Bc6 53. Kc1 h3 54.
Nxh3 Kxe7 55. Nf2 Kf6 56. Bd8+ Kg6 57. Kd2 Bb7 58. Ke2 Bc6 59. Be7 Bb5+ 60. Kf3
Bf1 61. Bd8 Ba6 62. Nh3 Bb5 63. Nxg5 Ba6 64. Ne6 d3 65. Ba5 1-0

[Event "75. Campeonato Brasileiro 2008 - Final"]
[Site "Porto Alegre BRA"]
[Date "2008.12.10"]
[Round "5.1"]
[White "Leitao, Rafael"]
[Black "Barreto Filho, Carlos Alberto"]
[Result "1-0"]
[WhiteElo "2590"]
[BlackElo "2300"]
[PlyCount "69"]
[EventDate "2008.12.07"]
[EventType "team-tourn"]
[EventRounds "11"]
[EventCountry "BRA"]
[EventCategory "9"]
[Source "lmi"]
[SourceDate "2008.12.07"]

1. d4 d5 2. Nf3 Nf6 3. c4 c6 4. e3 Bf5 5. Nc3 e6 6. Nh4 Bg6 7. Be2 Nbd7 8. O-O
Bd6 9. g3 Ne4 10. Qb3 Qb8 11. Nxe4 Bxe4 12. f3 Bg6 13. cxd5 exd5 14. e4 Nb6 15.
a4 O-O 16. a5 Nd7 17. e5 Be7 18. Nxg6 hxg6 19. f4 Qc7 20. Be3 Rad8 21. Rfc1 Nb8
22. Bd3 Rc8 23. Qc2 Qd7 24. f5 c5 25. fxg6 fxg6 26. Bxg6 cxd4 27. Qd1 Qh3 28.
Qxd4 Qe6 29. Rxc8 Rxc8 30. Qd3 Qxe5 31. Bf4 Bc5+ 32. Kh1 Qd4 33. Qf5 Qe4+ 34.
Qxe4 dxe4 35. Rc1 1-0

[Event "75. Campeonato Brasileiro 2008 - Final"]
[Site "Porto Alegre BRA"]
[Date "2008.12.10"]
[Round "5.2"]
[White "Milos, Gilberto"]
[Black "Bittencourt, Jorge"]
[Result "1/2-1/2"]
[WhiteElo "2593"]
[BlackElo "2455"]
[PlyCount "88"]
[EventDate "2008.12.07"]
[EventType "team-tourn"]
[EventRounds "11"]
[EventCountry "BRA"]
[EventCategory "9"]
[Source "lmi"]
[SourceDate "2008.12.07"]

1. e4 c5 2. Nf3 d6 3. d4 cxd4 4. Nxd4 Nf6 5. Nc3 a6 6. Be2 e5 7. Nb3 Be7 8. Be3
Be6 9. Nd5 Nbd7 10. Qd3 O-O 11. O-O Bxd5 12. exd5 Nc5 13. Qd2 Nfe4 14. Qb4 a5
15. Qb5 b6 16. f3 Nf6 17. Rad1 a4 18. Nc1 Nfd7 19. Kh1 Bg5 20. Bg1 f5 21. Qb4
Nf6 22. Bb5 Nh5 23. Ne2 Nf4 24. Nxf4 Bxf4 25. Qc4 e4 26. b4 axb3 27. axb3 Rc8
28. Bc6 Nd7 29. fxe4 Ne5 30. Qe2 fxe4 31. Qxe4 Ng6 32. Qe6+ Kh8 33. g3 Be5 34.
Be3 Bf6 35. c4 Ne5 36. Bb5 Ra8 37. Bd4 Ra3 38. Rb1 Ra2 39. Rbe1 Nf3 40. Rxf3
Bxd4 41. Rxf8+ Qxf8 42. Qf5 Rf2 43. Qxf8+ Rxf8 44. b4 Bc3 1/2-1/2

[Event "75. Campeonato Brasileiro 2008 - Final"]
[Site "Porto Alegre BRA"]
[Date "2008.12.10"]
[Round "5.3"]
[White "Vescovi, Giovanni"]
[Black "Oliveira, Silvio Eduardo"]
[Result "1/2-1/2"]
[WhiteElo "2635"]
[BlackElo "2345"]
[PlyCount "106"]
[EventDate "2008.12.07"]
[EventType "team-tourn"]
[EventRounds "11"]
[EventCountry "BRA"]
[EventCategory "9"]
[Source "lmi"]
[SourceDate "2008.12.07"]

1. d4 Nf6 2. Nf3 d5 3. c4 c6 4. Nc3 dxc4 5. a4 Bf5 6. e3 e6 7. Bxc4 Nbd7 8. O-O
Bb4 9. Qe2 O-O 10. e4 Bg6 11. Bd3 Bh5 12. e5 Nd5 13. Nxd5 cxd5 14. Qe3 Re8 15.
Ng5 Bg6 16. f4 Rc8 17. Qh3 Nf8 18. Bb5 Re7 19. g4 Rec7 20. Be3 Be7 21. Nf3 h5
22. gxh5 Bf5 23. Qg3 Rc2 24. Rf2 a6 25. Bf1 Rxf2 26. Bxf2 Qb6 27. Nh4 Bxh4 28.
Qxh4 Qxb2 29. Re1 Rc1 30. Rxc1 Qxc1 31. Qg3 Kh7 32. a5 Qd1 33. Qa3 Nd7 34. h6
Kxh6 35. Qe7 Nf6 36. Qb4 Nh5 37. Qe1 Qxe1 38. Bxe1 Nxf4 39. Bd2 Kg5 40. Be2 Bg4
41. Bd3 Bf5 42. Be2 Bc2 43. Kf2 Kf5 44. Bf3 f6 45. exf6 gxf6 46. Kg3 e5 47. h4
Bb3 48. Bxf4 exf4+ 49. Kh3 Bc4 50. Kg2 Ke6 51. Kh3 Kf5 52. Kg2 Ke6 53. Kh3 Kf5
1/2-1/2

[Event "75. Campeonato Brasileiro 2008 - Final"]
[Site "Porto Alegre BRA"]
[Date "2008.12.10"]
[Round "5.4"]
[White "Fier, Alexandr"]
[Black "Gattas, Allan"]
[Result "1-0"]
[WhiteElo "2581"]
[BlackElo "2223"]
[PlyCount "47"]
[EventDate "2008.12.07"]
[EventType "team-tourn"]
[EventRounds "11"]
[EventCountry "BRA"]
[EventCategory "9"]
[Source "lmi"]
[SourceDate "2008.12.07"]

1. e4 c5 2. Nf3 d6 3. d4 Nf6 4. Nc3 cxd4 5. Nxd4 a6 6. Bg5 Nbd7 7. f4 e6 8. Qf3
Qc7 9. O-O-O b5 10. Bd3 Bb7 11. Rhe1 Be7 12. Qg3 b4 13. Nd5 exd5 14. exd5 O-O-O
15. Rxe7 Qc5 16. Bxf6 Nxf6 17. Qxg7 Nxd5 18. Rxf7 Nc7 19. Bf5+ Kb8 20. Rxc7
Qxc7 21. Qxc7+ Kxc7 22. Ne6+ Kb6 23. Nxd8 Rxd8 24. g4 1-0

[Event "75. Campeonato Brasileiro 2008 - Final"]
[Site "Porto Alegre BRA"]
[Date "2008.12.10"]
[Round "5.5"]
[White "Diamant, Andre"]
[Black "Di Berardino, Diego Rafael"]
[Result "1-0"]
[WhiteElo "2412"]
[BlackElo "2503"]
[PlyCount "57"]
[EventDate "2008.12.07"]
[EventType "team-tourn"]
[EventRounds "11"]
[EventCountry "BRA"]
[EventCategory "9"]
[Source "lmi"]
[SourceDate "2008.12.07"]

1. e4 c5 2. Nf3 d6 3. d4 cxd4 4. Nxd4 Nf6 5. Nc3 a6 6. Be2 e6 7. O-O Be7 8. f4
O-O 9. a4 Nc6 10. Be3 Qc7 11. Bf3 Nxd4 12. Qxd4 e5 13. Qd2 exf4 14. Bxf4 Be6
15. Rad1 Rad8 16. Kh1 Rfe8 17. h3 Qb6 18. Qd4 Qa5 19. Rd2 Rd7 20. Rfd1 Rc8 21.
e5 dxe5 22. Qxe5 Qb4 23. Rxd7 Bxd7 24. Rd4 Rc4 25. Qb8+ Be8 26. Rxc4 Qxc4 27.
Nd5 Nxd5 28. Qxe8+ Bf8 29. Bd6 1-0

[Event "75. Campeonato Brasileiro 2008 - Final"]
[Site "Porto Alegre BRA"]
[Date "2008.12.11"]
[Round "6.1"]
[White "Barreto Filho, Carlos Alberto"]
[Black "Mekhitarian, Krikor Sevag"]
[Result "1/2-1/2"]
[WhiteElo "2300"]
[BlackElo "2511"]
[PlyCount "180"]
[EventDate "2008.12.07"]
[EventType "team-tourn"]
[EventRounds "11"]
[EventCountry "BRA"]
[EventCategory "9"]
[Source "lmi"]
[SourceDate "2008.12.07"]

1. d4 Nf6 2. Nf3 g6 3. c4 Bg7 4. Nc3 d5 5. cxd5 Nxd5 6. Bd2 O-O 7. Rc1 Nb6 8.
e3 Nc6 9. Be2 e5 10. dxe5 Nxe5 11. Nxe5 Bxe5 12. O-O Be6 13. Qc2 c6 14. Rfd1
Bg7 15. f4 Qe7 16. e4 Nc4 17. Bxc4 Bxc4 18. Be3 Rfe8 19. Bd4 f6 20. Qf2 b6 21.
Rd2 Rad8 22. Rcd1 Ba6 23. Be3 Bf8 24. h4 Rxd2 25. Qxd2 f5 26. e5 Qxh4 27. Qd7
Qe7 28. Qxc6 Bb7 29. Qd7 Qxd7 30. Rxd7 Re7 31. Rd8 Bc6 32. Rc8 Bb7 33. Rd8 Bc6
34. Rc8 Bd7 35. Rd8 Be6 36. Nd5 Bxd5 37. Rxd5 Kf7 38. a4 Rb7 39. Rb5 Be7 40. a5
Bd8 41. axb6 axb6 42. Rd5 Be7 43. Rb5 Bd8 44. Rd5 Ke7 45. Rd6 Bc7 46. Rc6 Kd7
47. Rf6 Bd8 48. Rd6+ Kc7 49. Kf2 b5 50. Kf3 Be7 51. Ra6 Kd7 52. g4 fxg4+ 53.
Kxg4 Rc7 54. Rb6 b4 55. Bd2 Rc4 56. Kf3 Kc7 57. Rb5 Kc6 58. Rb8 Kd5 59. Rb7 Ke6
60. Ke3 Bc5+ 61. Kd3 Rd4+ 62. Kc2 h5 63. Be3 Rd5 64. Bxc5 Rxc5+ 65. Kb3 Rc1 66.
Rb6+ Kf7 67. f5 gxf5 68. Rf6+ Ke7 69. Rxf5 h4 70. Rh5 Ke6 71. Rxh4 Kxe5 72.
Kxb4 Rc8 73. Rc4 Rb8+ 74. Kc3 Rb7 75. b4 Kd6 76. Kb3 Rc7 77. Rh4 Kc6 78. Rh5
Kb6 79. Rg5 Rf7 80. Rg6+ Kb7 81. Kc4 Rf4+ 82. Kb5 Rf5+ 83. Ka4 Rf7 84. Ka5 Rf5+
85. b5 Rf7 86. Rh6 Rg7 87. Rb6+ Ka7 88. Ra6+ Kb7 89. Rb6+ Ka7 90. Ra6+ Kb7
1/2-1/2

[Event "75. Campeonato Brasileiro 2008 - Final"]
[Site "Porto Alegre BRA"]
[Date "2008.12.11"]
[Round "6.2"]
[White "Di Berardino, Diego Rafael"]
[Black "Lima, Darcy"]
[Result "0-1"]
[WhiteElo "2503"]
[BlackElo "2488"]
[PlyCount "66"]
[EventDate "2008.12.07"]
[EventType "team-tourn"]
[EventRounds "11"]
[EventCountry "BRA"]
[EventCategory "9"]
[Source "lmi"]
[SourceDate "2008.12.07"]

1. e4 e5 2. Bc4 Nc6 3. Nc3 Nf6 4. d3 Na5 5. Qf3 Nxc4 6. dxc4 d6 7. h3 Be6 8. b3
c6 9. Nge2 a6 10. a4 b5 11. cxb5 axb5 12. Ng3 d5 13. exd5 Bxd5 14. Nxd5 Qxd5
15. Qxd5 Nxd5 16. a5 Bc5 17. Bb2 Bb4+ 18. Ke2 O-O 19. Kf3 f6 20. a6 Ra7 21. c3
Bxc3 22. Bxc3 Nxc3 23. Rhc1 b4 24. Ne4 Rfa8 25. Nc5 Kf7 26. Ra5 Ke7 27. Rca1
Kd6 28. Ke3 Kc7 29. Kd3 Rd8+ 30. Kc2 Kb6 31. Nd3 c5 32. Nxc5 Nb5 33. Nb7 Na3+
0-1

[Event "75. Campeonato Brasileiro 2008 - Final"]
[Site "Porto Alegre BRA"]
[Date "2008.12.11"]
[Round "6.3"]
[White "Gattas, Allan"]
[Black "Diamant, Andre"]
[Result "0-1"]
[WhiteElo "2223"]
[BlackElo "2412"]
[PlyCount "54"]
[EventDate "2008.12.07"]
[EventType "team-tourn"]
[EventRounds "11"]
[EventCountry "BRA"]
[EventCategory "9"]
[Source "lmi"]
[SourceDate "2008.12.07"]

1. Nf3 c5 2. c4 Nc6 3. Nc3 g6 4. g3 Bg7 5. Bg2 e5 6. O-O d6 7. a3 Nge7 8. Rb1
a5 9. d3 O-O 10. Ne1 Be6 11. e4 Nd4 12. b4 axb4 13. axb4 cxb4 14. Nd5 Nxd5 15.
cxd5 Bd7 16. Be3 Qa5 17. Qd2 Rfc8 18. Rxb4 b5 19. Qb2 Qa3 20. h3 Qxb2 21. Rxb2
Ra3 22. Kh2 Bf6 23. Bd2 Ra1 24. Bb4 Rcc1 25. Kg1 Bd8 26. Bd2 Rd1 27. Bc3 Bb6
0-1

[Event "75. Campeonato Brasileiro 2008 - Final"]
[Site "Porto Alegre BRA"]
[Date "2008.12.11"]
[Round "6.4"]
[White "Oliveira, Silvio Eduardo"]
[Black "Fier, Alexandr"]
[Result "1/2-1/2"]
[WhiteElo "2345"]
[BlackElo "2581"]
[PlyCount "80"]
[EventDate "2008.12.07"]
[EventType "team-tourn"]
[EventRounds "11"]
[EventCountry "BRA"]
[EventCategory "9"]
[Source "lmi"]
[SourceDate "2008.12.07"]

1. e4 c5 2. Nf3 e6 3. d4 cxd4 4. Nxd4 Nf6 5. Nc3 d6 6. g4 h6 7. h4 Nc6 8. Rg1
h5 9. gxh5 Nxh5 10. Bg5 Qb6 11. Be3 Qc7 12. Ndb5 Qd8 13. Bg5 Nf6 14. Bf4 Ne5
15. Rxg7 Bxg7 16. Nxd6+ Kf8 17. Bxe5 Ne8 18. Bxg7+ Nxg7 19. Qd4 Rxh4 20. O-O-O
b6 21. Qe3 Qf6 22. e5 Qf4 23. Qxf4 Rxf4 24. Bg2 Rb8 25. Rh1 Ke7 26. Rh8 Rxf2
27. Bc6 Bd7 28. Rxb8 Bxc6 29. Nc8+ Kd7 30. Nxa7 Nf5 31. Rxb6 Nd4 32. Nxc6 Nxc6
33. a4 Nxe5 34. Rd6+ Ke7 35. a5 Nc4 36. a6 Kxd6 37. Ne4+ Kc6 38. Nxf2 Kb6 39.
b3 Nd6 40. Kd2 Kxa6 1/2-1/2

[Event "75. Campeonato Brasileiro 2008 - Final"]
[Site "Porto Alegre BRA"]
[Date "2008.12.11"]
[Round "6.5"]
[White "Bittencourt, Jorge"]
[Black "Vescovi, Giovanni"]
[Result "1/2-1/2"]
[WhiteElo "2455"]
[BlackElo "2635"]
[PlyCount "42"]
[EventDate "2008.12.07"]
[EventType "team-tourn"]
[EventRounds "11"]
[EventCountry "BRA"]
[EventCategory "9"]
[Source "lmi"]
[SourceDate "2008.12.07"]

1. e4 d5 2. exd5 Qxd5 3. Nc3 Qa5 4. d4 c6 5. Nf3 Nf6 6. Bc4 Bf5 7. Bd2 e6 8.
Nd5 Qd8 9. Nxf6+ gxf6 10. Bb3 Nd7 11. Qe2 Qc7 12. Nh4 Bg6 13. O-O-O O-O-O 14.
g3 Bd6 15. Kb1 Rhe8 16. Nxg6 hxg6 17. h4 f5 18. Bg5 Be7 19. Bf4 Bd6 20. Bg5 Be7
21. Bf4 Bd6 1/2-1/2

[Event "75. Campeonato Brasileiro 2008 - Final"]
[Site "Porto Alegre BRA"]
[Date "2008.12.12"]
[Round "7.1"]
[White "Milos, Gilberto"]
[Black "Barreto Filho, Carlos Alberto"]
[Result "1-0"]
[WhiteElo "2593"]
[BlackElo "2300"]
[PlyCount "83"]
[EventDate "2008.12.07"]
[EventType "team-tourn"]
[EventRounds "11"]
[EventCountry "BRA"]
[EventCategory "9"]
[Source "lmi"]
[SourceDate "2008.12.07"]

1. e4 c5 2. Nf3 d6 3. d4 cxd4 4. Nxd4 Nf6 5. Nc3 Nc6 6. Bc4 e6 7. Bb3 a6 8. f4
Qc7 9. Be3 Be7 10. O-O O-O 11. Qf3 Na5 12. g4 Nxb3 13. axb3 e5 14. Nf5 Bxf5 15.
exf5 Qc6 16. g5 Qxf3 17. Rxf3 Ng4 18. Nd5 Bd8 19. Bd2 exf4 20. Bxf4 Re8 21.
Bxd6 Re2 22. h3 Ne5 23. Rf2 Rxf2 24. Kxf2 Nc6 25. f6 h6 26. h4 Nd4 27. Re1 Kh7
28. Re4 Ne6 29. Kg2 gxf6 30. gxf6 h5 31. Rxe6 fxe6 32. f7 Ba5 33. Nf4 Bd2 34.
Nxe6 Bh6 35. f8=Q Bxf8 36. Nxf8+ Kg8 37. Ne6 Rc8 38. c4 Kf7 39. Ng5+ Kg6 40.
Kf3 Rc6 41. c5 b6 42. b4 1-0

[Event "75. Campeonato Brasileiro 2008 - Final"]
[Site "Porto Alegre BRA"]
[Date "2008.12.12"]
[Round "7.2"]
[White "Vescovi, Giovanni"]
[Black "Leitao, Rafael"]
[Result "1/2-1/2"]
[WhiteElo "2635"]
[BlackElo "2590"]
[PlyCount "121"]
[EventDate "2008.12.07"]
[EventType "team-tourn"]
[EventRounds "11"]
[EventCountry "BRA"]
[EventCategory "9"]
[Source "lmi"]
[SourceDate "2008.12.07"]

1. d4 d5 2. c4 c6 3. Nf3 Nf6 4. e3 Bf5 5. Nc3 e6 6. Nh4 Bg6 7. Be2 Nbd7 8. O-O
Bd6 9. g3 O-O 10. b3 Qe7 11. Bb2 Ba3 12. Qc1 Bxb2 13. Qxb2 Ne4 14. b4 Nxc3 15.
Qxc3 dxc4 16. Nxg6 hxg6 17. Qxc4 e5 18. Rfd1 Rad8 19. b5 exd4 20. Qxd4 Nc5 21.
Qg4 cxb5 22. Bxb5 b6 23. Bc4 Qf6 24. Rac1 Qf5 25. Qf4 Qxf4 26. gxf4 Rxd1+ 27.
Rxd1 Rc8 28. Rd5 Kf8 29. h4 Ke7 30. h5 gxh5 31. Rxh5 Ne6 32. Bb3 Rc1+ 33. Kg2
Nc5 34. Bd5 Rd1 35. Kf3 Rd2 36. e4 Rd3+ 37. Ke2 Ra3 38. Kd2 Ne6 39. Rh4 a5 40.
Bc4 Ra4 41. Kc3 b5 42. Bxb5 Rxe4 43. Bd3 Rxf4 44. Rxf4 Nxf4 45. Bf1 Kd6 46. Kc4
Kc6 47. Kd4 Kd6 48. Kc4 Nd5 49. Kb5 Nc3+ 50. Kxa5 Nxa2 51. Bc4 Nc3 52. Bxf7 Kc5
53. f4 Nd5 54. f5 Ne7 55. Be6 Kd6 56. Kb4 Ke5 57. Kc3 Nxf5 58. Bd7 Kf4 59. Kd2
g5 60. Ke2 g4 61. Bxf5 1/2-1/2

[Event "75. Campeonato Brasileiro 2008 - Final"]
[Site "Porto Alegre BRA"]
[Date "2008.12.12"]
[Round "7.3"]
[White "Fier, Alexandr"]
[Black "Bittencourt, Jorge"]
[Result "1/2-1/2"]
[WhiteElo "2581"]
[BlackElo "2455"]
[PlyCount "57"]
[EventDate "2008.12.07"]
[EventType "team-tourn"]
[EventRounds "11"]
[EventCountry "BRA"]
[EventCategory "9"]
[Source "lmi"]
[SourceDate "2008.12.07"]

1. e4 c5 2. Nf3 d6 3. d4 cxd4 4. Nxd4 Nf6 5. Nc3 a6 6. Bg5 e6 7. f4 Qc7 8. Bxf6
gxf6 9. Qd2 Nc6 10. O-O-O Bd7 11. Nb3 O-O-O 12. Be2 h5 13. Kb1 Kb8 14. Rhf1 Be7
15. Rf3 Rdg8 16. Bf1 Na5 17. Nxa5 Qxa5 18. Rd3 Bc6 19. f5 h4 20. Qe3 Qe5 21.
Qh3 Rg5 22. g4 Rgg8 23. Bg2 Bd7 24. Bf3 Rc8 25. Qg2 Rc7 26. Qf2 Qc5 27. Qxc5
Rxc5 28. R3d2 Bb5 29. Nxb5 1/2-1/2

[Event "75. Campeonato Brasileiro 2008 - Final"]
[Site "Porto Alegre BRA"]
[Date "2008.12.12"]
[Round "7.5"]
[White "Lima, Darcy"]
[Black "Gattas, Allan"]
[Result "1-0"]
[WhiteElo "2488"]
[BlackElo "2223"]
[PlyCount "89"]
[EventDate "2008.12.07"]
[EventType "team-tourn"]
[EventRounds "11"]
[EventCountry "BRA"]
[EventCategory "9"]
[Source "lmi"]
[SourceDate "2008.12.07"]

1. g3 e5 2. Bg2 Nf6 3. c4 Nc6 4. Nf3 d5 5. cxd5 Nxd5 6. O-O Be6 7. d4 exd4 8.
Nxd4 Nxd4 9. Qxd4 Nb4 10. Qe5 c6 11. Nc3 Qd6 12. Qh5 Qc5 13. Qh4 Be7 14. Ne4
Qe5 15. Bg5 Qc7 16. Rfd1 Rd8 17. Bxe7 Qxe7 18. Rxd8+ Qxd8 19. Ng5 Nc2 20. Rf1
Nd4 21. e3 h6 22. Nxe6 Nxe6 23. Qa4 Qb6 24. Qa3 Qc5 25. Qxc5 Nxc5 26. b4 Ne6
27. b5 cxb5 28. Bxb7 Kd7 29. Rb1 Nc7 30. Rd1+ Ke7 31. Rc1 Kd6 32. Rd1+ Ke7 33.
Rc1 Kd6 34. e4 Rb8 35. e5+ Kd7 36. Bc6+ Ke7 37. f4 a5 38. Kf2 Ne6 39. Rd1 Rc8
40. Rd7+ Kf8 41. Bxb5 Rc2+ 42. Ke3 Rxa2 43. f5 Ra3+ 44. Kd2 Nc5 45. Rd8+ 1-0